000 01212nam2a2200253 4500
001 RU\NLR\BIBL_A\011466222
005 20250626072450.0
010 _a978-5-4224-1319-5
_bт.5
021 _aRU
_b2017-58009
_94120
035 _a(NLR Aleph) 011466222
090 _a11830125
_c11830125
100 _a20170905d2017 |||y0rusy50 ca
101 1 _arus
_cfre
102 _aRU
105 _ac|||z|||000cy
200 1 _aПутешествие в Россию
_e[путевые очерки
_fпер. Н. Шапшниковой]
210 _d2017
_aБ. м.
215 _a349, [2] с.
_cпортр.
461 0 _1001RU\NLR\BIBL_A\011469796
_12001#$aСобрание сочинений$e[перевод с французского]$eв шести томах$fТеофиль Готье$vТ. 5
_1700#1$aГотье$bТ.$gТеофиль$f1811-1872$3RU\NLR\AUTH\7725984
_911848731
_aГотье, Т. (1811-1872)
_cМосква
_d2017
_fТеофиль Готье
_nТерра
_o[перевод с французского] : в шести томах
_tСобрание сочинений
_y9785422413140
_vТ. 5
942 _cBOOK
980 _aNB